000 00800nam a2200205 a 4500
008 120416s1980 ||||||||||||||||| || u
020 _a0201038137
050 _aT 58.6 Kle
100 _aKleijnen, Jack Petrus Catharinus
245 1 0 _aComputers and profits: quantifying financial benefits of information
260 _aReading, Mass.:
_bAddison-Wesley
_c1980
300 _axx, 262p.: ill.
350 _a0.00
490 _aAddison-Wesley series on decision support
500 _aIncludes indexes. -Bibliography: p. 203-243.
650 _aMANAGEMENT INFORMATION SYSTEMS
650 0 _aMANAGERIAL ECONOMICS
650 0 _aDECISION MAKING
995 _D0.00
_FCBU-MAIN LIBRARY (Kitwe)
_H1
_I22.95
_M1
_UAVAILABLE
_ZMain Library Open Access Collection
999 _c38286
_d38286